| 000 | 00367 a2200145 4500 | ||
|---|---|---|---|
| 003 | OSt | ||
| 005 | 20180116182713.0 | ||
| 008 | 160513b xxu||||| |||| 00| 0 eng d | ||
| 040 | _c0 | ||
| 082 | _a954.91 PAK 1998 | ||
| 100 | _aD Shah Khan | ||
| 245 |
_aPakistan to the Future With Hope _cD Shah Khan |
||
| 260 |
_aVanguard _c1998 |
||
| 942 |
_aNBS _cBK _k954.91 PAK _2ddc |
||
| 999 |
_c344460 _d344460 |
||